| 000 | 00692nam a2200229 i 4500 | ||
|---|---|---|---|
| 001 | 143688 | ||
| 003 | ES-MaACL | ||
| 005 | 20250712062550.0 | ||
| 007 | t| | ||
| 008 | 070214s1984 sp r ||||1| spa d | ||
| 020 | _a84-343-0407-4 | ||
| 080 | _a929:7 Miró, Joan | ||
| 100 | 1 |
_aSerra, Pere A. _9105616 |
|
| 245 | 1 | 0 |
_aMiró y Mallorca / _cPere A. Serra ; con unas palabras previas de Camilo José Cela. |
| 260 |
_aBarcelona : _bPolígrafa, _c1984. |
||
| 300 |
_a293 p., 60 lám. : _bil. col. ; _c30 cm. |
||
| 600 | 1 | 4 |
_aMiró, Joan. _981604 |
| 700 | 1 |
_aMiró, Joan. _981604 |
|
| 700 | 1 |
_aCela, Camilo José, _d1916-2002 _937336 |
|
| 852 | 4 |
_aES-MaACL _jL-7237 |
|
| 999 |
_c143688 _d143688 |
||